|
|
|
|
| LEADER |
00000nam a2200000 a 4500 |
| 001 |
vtls008158511 |
| 003 |
SK-MaSNL |
| 005 |
20260301015748.0 |
| 008 |
240314s2005 xo dl g p 000 0 slo |
| 015 |
|
|
|a SNBA2005/06-02407
|
| 020 |
|
|
|a 8022520098
|q (brož.)
|c 119,00 Sk
|
| 035 |
|
|
|a 295A9C0C-38BE-4181-980A-A6B1DE39BF05
|
| 035 |
|
|
|a urn:nbn:sk:snk-aml6vk
|
| 035 |
|
|
|a urn:nbn:sk:snk-am008u7d
|
| 040 |
|
|
|a SNK
|b slo
|c SNK
|e AACR2
|
| 041 |
0 |
|
|a slo
|
| 044 |
|
|
|a xo
|c SK
|
| 072 |
|
7 |
|a 005
|x Manažment. Riadenie
|2 konspekt
|
| 080 |
|
|
|a 001.895
|2 MDT-MRF
|
| 080 |
|
|
|a 330.341.1
|2 MDT-MRF
|
| 080 |
|
|
|a 005.342
|2 MDT-MRF
|
| 080 |
|
|
|a (075.8)
|2 MDT-MRF
|
| 080 |
|
|
|a 658.62
|2 MDT-MRF
|
| 100 |
1 |
|
|a Molnár, Pavol
|4 aut
|9 279440
|
| 245 |
1 |
0 |
|a Manažment inovácií podniku
|b manažment výrobkových inovácií v podniku
|c Pavol Molnár, Andrej Dupaľ
|
| 250 |
|
|
|a 2. vyd.
|
| 260 |
|
|
|a V Bratislave
|b Ekonóm
|c 2005
|
| 300 |
|
|
|a 167 s.
|c grafy, tab. sch.
|c 21 cm
|
| 504 |
|
|
|a Bibliogr.
|
| 506 |
|
|
|a 300 výtl.
|
| 650 |
0 |
7 |
|a výrobky
|2 SNKPH
|9 4992
|
| 650 |
0 |
7 |
|a inovácie
|2 SNKPH
|9 2291
|
| 650 |
0 |
7 |
|a manažment inovácií
|2 SNKPH
|9 931
|
| 655 |
|
7 |
|a učebnice vysokých škôl
|2 SNKPH
|9 70191
|
| 700 |
1 |
|
|a Dupaľ, Andrej,
|d 1954-
|4 aut
|9 209055
|
| 752 |
|
|
|a Slovensko
|d Bratislava
|
| 919 |
|
|
|a 80-225-2009-8
|
| 958 |
|
|
|a OND
|
| 968 |
|
|
|d 65
|
| 999 |
|
|
|c 561459
|d 563389
|
| 952 |
|
|
|a SNK
|b SNK
|y PREZ
|7 0
|p 17A0472195
|o snkSC 120298
|i snk2005/9696
|8 0
|0 0
|1 0
|4 0
|d 2005-06-06
|f 1
|l 0
|r 2025-05-29 00:00:00
|w 2026-02-23
|
| 952 |
|
|
|a SNK
|b SNK
|y VYP
|7 0
|p 17A0472194
|o snkSC 120298 D1
|i snk2005/9698
|8 0
|0 0
|1 0
|4 0
|d 2005-06-06
|l 0
|r 2026-02-23 13:44:35
|w 2026-02-23
|